000 00656nam a2200217Ia 4500
003 GCL
008 140319s9999 xx 000 0 ara d
040 _aGCL /
_cGCL
082 0 4 _a550.932
_bم ت
100 1 _aمحمد سميح عافية
245 1 0 _aالتعدين فى مصر قديما وحديثا /
_cمحمد سميح عافية
260 _a[S.N] :
_bالهيئة المصرية العامة للكتاب ،
_c1985
300 _a379
490 _a
650 0 4 _aمصر
650 0 4 _aالجيولوجيا
650 0 4 _aالتعدين
650 0 4 _aالعصور الوسطى
650 0 4 _aالعصر الفرعونى
942 _2ddc
_cBK
999 _c31178
_d31178